000 00451nmm a2200157Ia 4500
008 251105s9999||||xx |||||||||||||||||und||
041 _aspa
100 _aGreanias, Thomas
245 0 _aEl resurgir de la Atlántida
264 _a[Madrid, España] :
_bLa Factoría de Ideas,
_c2014
300 _a0 páginas
490 _aBestseller
650 _aScience fiction & Fantasy
856 _uhttps://public.digitaliapublishing.com/a/25408
942 _cCF
999 _c98519
_d98519